| 000 | 00471nam a2200181Ia 4500 | ||
|---|---|---|---|
| 008 | 230711s9999||||xx |||||||||||||| ||und|| | ||
| 020 | _a978-0-07-132915-6 | ||
| 041 | _aENG | ||
| 082 |
_a621.3815 _bSA-E |
||
| 100 | _aSalivahanan,S | ||
| 245 | 0 | _aElectronic devices and circuits | |
| 250 | _a2nd Ed. | ||
| 260 |
_c2011 _aNew Delhi _bTata McGraw Hill Education Limited |
||
| 300 | _a947 | ||
| 650 | _aElectronics Engineering | ||
| 700 | _aKumar,N.Suresh | ||
| 942 | _cBK | ||
| 999 |
_c8717 _d8717 |
||